| 000 | 00820nmm a2200205 a 4500 | ||
|---|---|---|---|
| 005 | 20210219153855.0 | ||
| 008 | 011002s2000 r 000 0 eng d | ||
| 035 | _aUPN01000112364 | ||
| 049 | _aI | ||
| 050 | 4 |
_aLB1029 G3 _bF3.5 |
|
| 245 | 0 | 0 |
_aFantasía : _bnueva versión. |
| 260 |
_aMéxico : _bVermic, _cc2000 |
||
| 300 |
_a1 disco óptico de computador : _bson., col. : _c4 3/4 plg. + _e1 juguete de plástico. |
||
| 538 | _aRequisitos del Sistema: Computadora 586 o superior; 8 Mb. de memoria RAM; Windows 9X o superior; 12 Mb. de espacio en Disco Duro para su instalación; Unidad de CD-ROm; Monitor VGA 256 colores; Tarjeta de sonido; Mouse. | ||
| 500 | _aEdición en español e inglés. | ||
| 521 | _aPara edades de 4 a 8 años. | ||
| 653 | 0 | _aJUEGOS EDUCATIVOS | |
| 901 | _a183644 | ||
| 905 | _aElectronicos | ||
| 999 |
_c86272 _d86272 |
||